Investment strategies after the new tax act. / (Record no. 1301)

MARC details
000 -LEADER
fixed length control field 02484cam a2200337 a 4500
001 - CONTROL NUMBER
control field 2998168
005 - DATE AND TIME OF LATEST TRANSACTION
control field 20210414114013.0
008 - FIXED-LENGTH DATA ELEMENTS--GENERAL INFORMATION
fixed length control field 931007s1994 nyu 001 0 eng
010 ## - LIBRARY OF CONGRESS CONTROL NUMBER
LC control number 93038727
020 ## - INTERNATIONAL STANDARD BOOK NUMBER
International Standard Book Number 0471017035 (acidfree paper)
020 ## - INTERNATIONAL STANDARD BOOK NUMBER
International Standard Book Number 0471016993 (pbk. : acidfree paper)
040 ## - CATALOGING SOURCE
Original cataloging agency DLC
Transcribing agency DLC
Modifying agency DLC
043 ## - GEOGRAPHIC AREA CODE
Geographic area code n-us---
050 00 - LIBRARY OF CONGRESS CALL NUMBER
Classification number HJ2381.S52
082 00 - DEWEY DECIMAL CLASSIFICATION NUMBER
Classification number 336.2/00973
Edition number 20
100 1# - MAIN ENTRY--PERSONAL NAME
Personal name Shenkman, Martin M.
245 10 - TITLE STATEMENT
Title Investment strategies after the new tax act. /
Statement of responsibility, etc. Martin M. Shenkman.
260 ## - PUBLICATION, DISTRIBUTION, ETC.
Place of publication, distribution, etc. New York :
Name of publisher, distributor, etc. Wiley,
Date of publication, distribution, etc. c1994.
300 ## - PHYSICAL DESCRIPTION
Extent xiv, 289 p.:
Dimensions 24 cm.
Other physical details ill.;
500 ## - GENERAL NOTE
General note Includes index.
505 ## - FORMATTED CONTENTS NOTE
Formatted contents note Contents: Introduction -- A Perspective on the Clinton tax act -- Changes affecting all investors: Higher tax rates takes bigger bite -- Capital gains tax benefits are back -- The Alternative minimum tax tougher and more complex than ever -- Estate and gift taxes: It's harder to give your children what you've managed to keep -- Charitable giving it's harder to be nice -- Miscellaneous changes affecting investors -- Residential real estate investments: How residential real estate investment are affected -- Disaster relief: tax help for flood, hurricane and other damage -- Low-income housing credit: tax benefit for investing in residential real estate -- Commercial real estate investments are affected -- Passive loss rules-easier for some but not all -- Depreciation planning for commercial real estate -- Closely held business investments: How Clinton tax law affects business -- Special tax benefits for qualifying businesses -- Employee and health care costs -- Business depreciation deductions and tax credits -- Other types of investors: Senior citizens and retired investors -- Stock, bond and other investors and dealers -- Divorced investors -- Tax-exempt investors -- Glossary.
650 #0 - SUBJECT ADDED ENTRY--TOPICAL TERM
Topical term or geographic name entry element Taxation
Geographic subdivision United States.
650 #0 - SUBJECT ADDED ENTRY--TOPICAL TERM
Topical term or geographic name entry element Investments
Geographic subdivision United States.
651 #0 - SUBJECT ADDED ENTRY--GEOGRAPHIC NAME
Geographic name United States
General subdivision Economic policy
Chronological subdivision 1993-2001.
856 42 - ELECTRONIC LOCATION AND ACCESS
Materials specified Contributor biographical information
Uniform Resource Identifier <a href="http://www.loc.gov/catdir/bios/wiley042/93038727.html">http://www.loc.gov/catdir/bios/wiley042/93038727.html</a>
856 42 - ELECTRONIC LOCATION AND ACCESS
Materials specified Publisher description
Uniform Resource Identifier <a href="http://www.loc.gov/catdir/description/wiley033/93038727.html">http://www.loc.gov/catdir/description/wiley033/93038727.html</a>
856 4# - ELECTRONIC LOCATION AND ACCESS
Materials specified Table of Contents
Uniform Resource Identifier <a href="http://www.loc.gov/catdir/toc/onix05/93038727.html">http://www.loc.gov/catdir/toc/onix05/93038727.html</a>
906 ## - LOCAL DATA ELEMENT F, LDF (RLIN)
a 7
b cbc
c orignew
d 1
e ocip
f 19
g y-gencatlg
942 ## - ADDED ENTRY ELEMENTS (KOHA)
Source of classification or shelving scheme Library of Congress Classification
Koha item type Books
Holdings
Withdrawn status Lost status Source of classification or shelving scheme Damaged status Not for loan Home library Current library Shelving location Date acquired Total Checkouts Full call number Barcode Date last seen Copy number Price effective from Koha item type
    Library of Congress Classification     WISCONSIN INTERNATIONAL UNIVERSITY COLLEGE, GHANA - MAIN LIBRARY WISCONSIN INTERNATIONAL UNIVERSITY COLLEGE, GHANA - MAIN LIBRARY General Stacks 13/06/2012   HJ2381.S52 3485/12 13/06/2012 1 13/06/2012 Books

If you have any concerns or questions; kindly contact the library


© Powered by WIUC ICT DIRECTORATE